MyGZULibrary

Doing qualitative research : (Record no. 1311)

MARC details
000 -LEADER
fixed length control field 02073cam a22003855a 4500
001 - CONTROL NUMBER
control field 15525650
003 - CONTROL NUMBER IDENTIFIER
control field GZU
005 - DATE AND TIME OF LATEST TRANSACTION
control field 20201006121334.0
008 - FIXED-LENGTH DATA ELEMENTS--GENERAL INFORMATION
fixed length control field 081118r20102000enka b 001 0 eng
010 ## - LIBRARY OF CONGRESS CONTROL NUMBER
LC control number 2008941909
015 ## - NATIONAL BIBLIOGRAPHY NUMBER
National bibliography number GBA985008
Source bnb
016 7# - NATIONAL BIBLIOGRAPHIC AGENCY CONTROL NUMBER
Record control number 015357775
Source Uk
020 ## - INTERNATIONAL STANDARD BOOK NUMBER
International Standard Book Number 9781848600331 (hbk.)
020 ## - INTERNATIONAL STANDARD BOOK NUMBER
International Standard Book Number 184860033X (hbk.)
020 ## - INTERNATIONAL STANDARD BOOK NUMBER
International Standard Book Number 9781848600348 (pbk.)
020 ## - INTERNATIONAL STANDARD BOOK NUMBER
International Standard Book Number 1848600348 (pbk.)
035 ## - SYSTEM CONTROL NUMBER
System control number (OCoLC)ocn434563826
040 ## - CATALOGING SOURCE
Original cataloging agency UKM
Transcribing agency UKM
Modifying agency YDXCP
-- SINIE
-- BWX
-- DLC
042 ## - AUTHENTICATION CODE
Authentication code lccopycat
050 00 - LIBRARY OF CONGRESS CALL NUMBER
Classification number H62
Item number .SIL 2010
100 1# - MAIN ENTRY--PERSONAL NAME
Personal name Silverman, David,
Dates associated with a name 1943-
Relator term author
245 10 - TITLE STATEMENT
Title Doing qualitative research :
Remainder of title a practical handbook /
Statement of responsibility, etc. David Silverman.
250 ## - EDITION STATEMENT
Edition statement 3rd ed.
260 ## - PUBLICATION, DISTRIBUTION, ETC.
Place of publication, distribution, etc. London ;
-- Thousand Oaks, Calif. :
Name of publisher, distributor, etc. SAGE,
Date of publication, distribution, etc. 2010.
300 ## - PHYSICAL DESCRIPTION
Extent xiv, 456 p. :
Other physical details ill. ;
Dimensions 24 cm.
500 ## - GENERAL NOTE
General note Previous ed.: 2005.
504 ## - BIBLIOGRAPHY, ETC. NOTE
Bibliography, etc. note Includes bibliographical references (p. [440]-452) and indexes.
505 0# - FORMATTED CONTENTS NOTE
Formatted contents note How to use this book -- What you can (and can't) do with qualitative research -- The research experience I -- The research experience II -- What counts as "originality"? -- Selecting a topic -- Using theories -- Choosing a methodology -- Selecting a case -- Ethical research -- Writing a research proposal -- Collecting your data -- Developing data analysis -- Using computers to analyse qualitative data / Clive Seale -- Quality in qualitative research -- Evaluating qualitative research -- The first few pages -- The literature review chapter -- The methodology chapter -- Writing your data chapters -- The final chapter -- Making good use of your supervisor -- Getting feedback -- Effective qualitative research -- Surviving an oral examination -- Getting published -- Audiences -- Finding a job.
650 #0 - SUBJECT ADDED ENTRY--TOPICAL TERM
Topical term or geographic name entry element Social sciences
General subdivision Research
-- Methodology.
650 #0 - SUBJECT ADDED ENTRY--TOPICAL TERM
Topical term or geographic name entry element Qualitative research.
650 #0 - SUBJECT ADDED ENTRY--TOPICAL TERM
Topical term or geographic name entry element Social sciences
General subdivision Methodology.
906 ## - LOCAL DATA ELEMENT F, LDF (RLIN)
a 7
b cbc
c copycat
d 2
e ncip
f 20
g y-gencatlg
942 ## - ADDED ENTRY ELEMENTS (KOHA)
Source of classification or shelving scheme Library of Congress Classification
Koha item type Books
Edition 3rd ed.
Classification part 62
Item part SIL
Call number prefix H
Holdings
Withdrawn status Lost status Source of classification or shelving scheme Damaged status Not for loan Collection code Home library Current library Shelving location Date acquired Source of acquisition Total Checkouts Full call number Barcode Date last seen Date last checked out Copy number Price effective from Koha item type
    Library of Congress Classification     Non-fiction City Campus Library City Campus Library General Stacks 11/11/2014 Book Aid International 1 H62 SIL 2010 001672 05/13/2022 04/07/2022 c. 1 10/06/2020 Books
    Library of Congress Classification     Non-fiction Mashava Campus Library Mashava Campus Library General Stacks 05/04/2021 Book Aid International   H62 SIL 2010 001673 05/04/2021   c.2 05/04/2021 Books